| 000 | 00721cam a22002293a 4500 | ||
|---|---|---|---|
| 001 | 13624 | ||
| 003 | PGUSA | ||
| 005 | 20140828083307.0 | ||
| 008 | 050831s2005||||xxu|||||s|||||000 | eng d | ||
| 040 |
_aPGUSA _beng |
||
| 042 | _adc | ||
| 050 | 4 | _aDA | |
| 100 | 1 | _aHolinshed, Raphael | |
| 245 | 1 | 0 |
_aChronicles (1 of 6) : _bThe Historie of England (2 of 8) : The Second Booke Of The Historie Of England _h[electronic resource] / _cRaphael Holinshed |
| 260 |
_bProject Gutenberg, _c2005 |
||
| 506 | _aPublic domain in the USA. | ||
| 516 | _aElectronic text | ||
| 653 | _aGreat Britain -- History -- To 55 B.C. | ||
| 830 | 0 |
_aProject Gutenberg _v13624 |
|
| 856 | 4 | 0 | _uhttp://www.gutenberg.org/ebooks/13624 |
| 942 | _cEB | ||
| 999 |
_c242879 _d242879 |
||